Histórias assim mesmo (Registo nº 149)

Detalhes MARC
000 -Etiqueta do registo
Cabeçalho 00748nam0a2200253 4500
005 - Identificador da versão
Campo de controlo 20240813121755.0
010 ## - Número internacional normalizado dos livros (ISBN)
Número (ISBN) 9722113003
021 ## - Número do Depósito Legal
Código do país PT
Número 143 603/99
100 ## - Dados gerais de processamento
Dados gerais de processamento 20160512d1999 m y0pory5003 ba
102 ## - Pais de publicação ou produção
País de publicação Portugal
101 0# - Língua de publicação
Língua do texto, banda sonora, etc. Português
Língua do documento no original Inglês
215 ## - Descrição física 
Indicação específica da natureza do documento e extensão da espécie 210 p
200 1# - Titulo e menção de responsabilidade
Título próprio Histórias assim mesmo
Primeira menção de responsabilidade Rudyard Kipling
Outras menções de responsabilidade il. do autor
-- trad. Ana Saldanha
210 ## - Publicação, Distribuição, etc. 
Lugar da edição, distribuição, etc. Lisboa
Nome do editor, distribuidor, etc. Caminho
Data da publicação, distribuição, etc. 1999
606 ## - Nome comum usado como assunto
Número de registo de entrada de autoridade 0002036
Palavra de ordem Literatura inglesa
Subdivisão de assunto Conto
Código do sistema CA
675 ## - Classificação Decimal Universal (CDU)
Notação 821.111-34
Edição 3ª ed.
Língua da edição por
702 #1 - Nome de autor-pessoa física (responsabilidade secundária)
Número de registo de entrada de autoridade 0002936
Palavra de ordem Kipling
Outra parte do nome não tomada para palavra de ordem Rudyard
Datas 1865-1936
Código de função Ilustrador / Técnico de desenho computorizado
Número de registo de entrada de autoridade 0002937
Palavra de ordem Saldanha
Outra parte do nome não tomada para palavra de ordem Ana
Código de função Tradutor
700 #1 - Nome de autor-pessoa física (responsabilidade principal)
Número de registo de entrada de autoridade 0002936
Palavra de ordem Kipling
Outra parte do nome não tomada para palavra de ordem Rudyard
Datas 1865-1936
966 ## - Identificação da Biblioteca
Sigla EB2,3ENM
942 ## - Elementos de entrada adicionados (Koha)
Tipo de item no Koha Livro
Exemplares
Situação do levantamento Origin of item (home branch) (coded) Biblioteca de empréstimo Código de barras Cota Circulation type (not for loan) Tipo de documento Nota do exemplar Damaged status
  Biblioteca Escolar Eng. Nuno Mergulhão Biblioteca Escolar Eng. Nuno Mergulhão BENM576 82LE-34 KIP   Livro Sem mensagem